[Event "Sparkassen-Open B"]
[Site "Heusenstamm, Martinsee"]
[Date "2023.11.24"]
[Round "2.41"]
[White "Gärtner, David"]
[Black "Shymanskyi, Illia"]
[Result "1/2-1/2"]
[WhiteElo "1286"]
[BlackElo "1301"]
[PlyCount "78"]
[EventDate "2023.??.??"]
[WhiteTeam "Sfr.Mainz 1928"]
[BlackTeam "SC Steinbach"]

1. d4 d5 2. c4 Nf6 3. cxd5 Qxd5 4. Nc3 Qd8 5. Nf3 e6 6. Bf4 Bb4 7. Qb3 Bd6 8. Bxd6 Qxd6 9. e4 Qb6 10. Qxb6 axb6 11. Nb5 Kd8 12. Ne5 Rf8 13. Bd3 Nc6 14. Ke2 Ra5 15. a4 Nxd4+ 16. Nxd4 Rxe5 17. f4 Ra5 18. Rhd1 Ke7 19. b4 Ra8 20. Kf3 Bd7 21. Bb5 Bxb5 22. Nxb5 c6 23. Nc3 Rfd8 24. g4 h6 25. h4 Rxd1 26. Rxd1 Rd8 27. Rxd8 Kxd8 28. Nd1 Kd7 29. Nb2 b5 30. axb5 cxb5 31. Nd3 b6 32. Ne5+ Ke7 33. Nc6+ Kd7 34. Na7 Ne8 35. Nxb5 Nd6 36. Nxd6 Kxd6 37. h5 e5 38. f5 f6 39. Ke3 b5 1/2-1/2

[Event "Sparkassen-Open B"]
[Site "Heusenstamm, Martinsee"]
[Date "2023.11.24"]
[Round "2.42"]
[White "Manasek, Martin"]
[Black "Moissl, Julian"]
[Result "1/2-1/2"]
[WhiteElo "1500"]
[BlackElo "1188"]
[PlyCount "80"]
[EventDate "2023.??.??"]
[WhiteTeam "SC Flörsheim 1921"]
[BlackTeam "SJ Herborn 1998"]

1. d4 d5 2. Nf3 Nf6 3. g3 Bg4 4. Bg2 e6 5. O-O Nbd7 6. Re1 Be7 7. Nbd2 O-O 8. e4 e5 9. exd5 exd4 10. Ne4 Nxe4 11. Rxe4 Bf5 12. Rxd4 Re8 13. Bf4 Bc5 14. Rd2 Nb6 15. b3 Qe7 16. c3 Rad8 17. Ne1 Rd7 18. Nd3 Nxd5 19. Bxd5 Rxd5 20. Nxc5 Rxd2 21. Qxd2 Qxc5 22. Re1 Rxe1+ 23. Qxe1 h6 24. Qe5 Qxe5 25. Bxe5 c6 26. b4 g6 27. a3 Kf8 28. f4 Ke7 29. Kf2 Ke6 30. c4 b5 31. cxb5 cxb5 32. Ke3 Kd5 33. Bd4 a6 34. Bb2 Kc4 35. Kd2 h5 36. h4 Kb3 37. Bc1 Kc4 38. Bb2 Kb3 39. Bc1 Kc4 40. Bb2 Kb3 1/2-1/2

[Event "Sparkassen-Open B"]
[Site "Heusenstamm, Martinsee"]
[Date "2023.11.24"]
[Round "2.43"]
[White "Weyerer, Elea"]
[Black "Karres, David Tobias"]
[Result "0-1"]
[WhiteElo "1305"]
[BlackElo "1450"]
[PlyCount "130"]
[EventDate "2023.??.??"]
[WhiteTeam "SV Oberursel"]
[BlackTeam "SF Heidelberg"]

1. d4 Nf6 2. Bf4 e6 3. e3 c5 4. c3 b6 5. Nf3 Bb7 6. Nbd2 Nc6 7. Bd3 Be7 8. O-O Nh5 9. Bg3 Nxg3 10. fxg3 Qc7 11. Qe2 d5 12. e4 dxe4 13. Bxe4 cxd4 14. Nxd4 Nxd4 15. cxd4 O-O 16. Rac1 Qd7 17. Nf3 Rfd8 18. Kh1 Bxe4 19. Qxe4 Rac8 20. Rxc8 Qxc8 21. Ne5 Bf6 22. g4 Bxe5 23. dxe5 Qa6 24. Qf3 Rf8 25. Ra1 Qc4 26. h3 Qd4 27. Qe2 Rd8 28. Rc1 h6 29. Rc7 Rd7 30. Rxd7 Qxd7 31. Kh2 Qd4 32. Kg3 g5 33. Kh2 Qf4+ 34. Kg1 a5 35. Qb5 Qc1+ 36. Kh2 Qf4+ 37. Kg1 Qd4+ 38. Kh2 Kg7 39. Kh1 Kg6 40. Kh2 h5 41. gxh5+ Kxh5 42. g4+ Kh4 43. Qf1 Qxe5+ 44. Kh1 Qe4+ 45. Kg1 Qe3+ 46. Qf2+ Qxf2+ 47. Kxf2 Kxh3 48. Kf3 f5 49. Kf2 Kxg4 50. a3 a4 51. Ke2 f4 52. Kd3 f3 53. Kd2 Kg3 54. Kc3 f2 55. b3 axb3 56. Kxb3 f1=Q 57. a4 Qf4 58. a5 bxa5 59. Kc3 Kf3 60. Kc2 Qe3 61. Kb2 Qd3 62. Kc1 Qe2 63. Kb1 a4 64. Kc1 a3 65. Kb1 Qb2# 0-1

[Event "Sparkassen-Open B"]
[Site "Heusenstamm, Martinsee"]
[Date "2023.11.24"]
[Round "2.44"]
[White "Goodwin, David"]
[Black "Stecay, Anja Christina"]
[Result "1/2-1/2"]
[WhiteElo "1469"]
[BlackElo "1182"]
[PlyCount "96"]
[EventDate "2023.??.??"]
[WhiteTeam "SV 1920 Kelsterbach"]
[BlackTeam "SF Neuberg"]

1. Nf3 Nf6 2. g3 g6 3. Bg2 Bg7 4. d3 d6 5. O-O O-O 6. e4 e5 7. Bd2 c6 8. Qc1 Re8 9. Bh6 Ng4 10. Bxg7 Kxg7 11. h3 Nf6 12. Nh4 Be6 13. b3 Nbd7 14. Nc3 h6 15. Ne2 Nh7 16. d4 Ng5 17. Kh2 Nf6 18. dxe5 dxe5 19. Rd1 Qc8 20. f4 Nxh3 21. f5 gxf5 22. Nxf5+ Bxf5 23. exf5 Qxf5 24. Bxh3 Qf2+ 25. Kh1 Ne4 26. Rf1 Qxe2 27. Qe1 Qxe1 28. Rfxe1 Nxg3+ 29. Kh2 h5 30. Kxg3 Rad8 31. Bg2 Kh6 32. Re4 Rd2 33. Kf3 Rxc2 34. Bf1 f6 35. a4 Rc3+ 36. Re3 e4+ 37. Kf4 Rxe3 38. Kxe3 Kg5 39. Rd1 Re7 40. Be2 f5 41. Rg1+ Kh6 42. Rh1 Rh7 43. Kf4 Kg6 44. Rg1+ Kf6 45. Rg5 h4 46. Rxf5+ Ke6 47. Kxe4 h3 48. Rh5 Rxh5 1/2-1/2

[Event "Sparkassen-Open B"]
[Site "Heusenstamm, Martinsee"]
[Date "2023.11.24"]
[Round "2.45"]
[White "Fischermann, Charlotte"]
[Black "Naghizade, Farid"]
[Result "0-1"]
[WhiteElo "1248"]
[BlackElo "1468"]
[PlyCount "124"]
[EventDate "2023.??.??"]
[WhiteTeam "SG Porz e. V."]
[BlackTeam "SC Heusenstamm"]

1. e4 e5 2. Nf3 Nc6 3. Bc4 Bc5 4. c3 Nf6 5. d4 exd4 6. cxd4 Bb4+ 7. Nc3 d6 8. O-O Bxc3 9. Bxf7+ Kxf7 10. Qb3+ Ke7 11. bxc3 Re8 12. e5 Kf8 13. exf6 Qxf6 14. Ng5 Qg6 15. Be3 h6 16. Nf3 Bh3 17. Nh4 Qg4 18. Qxb7 Na5 19. Qf3+ Qxf3 20. Nxf3 Bf5 21. Nd2 Bd3 22. Rfe1 Rab8 23. d5 a6 24. Bd4 Rxe1+ 25. Rxe1 Rb2 26. Nb3 Nxb3 27. axb3 Rxb3 28. f3 Rb5 29. Ba7 Bc4 30. Re4 Bxd5 31. Rb4 c6 32. Bb8 Ke7 33. Bc7 Rxb4 34. cxb4 c5 35. bxc5 dxc5 36. Kf2 Kd7 37. Ba5 Kc6 38. Ke3 Kb5 39. Bc3 g6 40. g4 a5 41. h4 a4 42. f4 Be6 43. g5 hxg5 44. fxg5 Kc4 45. Kd2 Kb3 46. Ba1 Ka2 47. Be5 Kb1 48. Bd6 a3 49. Bxc5 a2 50. Bd4 a1=Q 51. Bxa1 Kxa1 52. Ke3 Bg4 53. Kf4 Bh5 54. Ke5 Kb2 55. Kd4 Kc2 56. Ke5 Kd2 57. Kf4 Ke2 58. Kg3 Ke3 59. Kg2 Kf4 60. Kh3 Bf3 61. Kh2 Kg4 62. Kg1 Kxh4 0-1

[Event "Sparkassen-Open B"]
[Site "Heusenstamm, Martinsee"]
[Date "2023.11.24"]
[Round "2.46"]
[White "Bär, Christian"]
[Black "Arne, Julius"]
[Result "1/2-1/2"]
[WhiteElo "1467"]
[BlackElo "1073"]
[PlyCount "53"]
[EventDate "2023.??.??"]
[WhiteTeam "SC Steinbach"]
[BlackTeam "SG Kaiserslautern 1905"]

1. e4 e5 2. Nc3 Nc6 3. g3 Bc5 4. Bg2 d6 5. Nge2 Bg4 6. h3 Bh5 7. O-O Nf6 8. Kh2 Qd7 9. d3 h6 10. f4 O-O-O 11. f5 Bxe2 12. Qxe2 Nd4 13. Qd1 h5 14. Bg5 c6 15. Na4 Bb6 16. Nxb6+ axb6 17. a4 Kc7 18. c3 Ra8 19. cxd4 exd4 20. Qc2 Ne8 21. Qc4 f6 22. Bf4 c5 23. Rfc1 Kc8 24. Qxd4 Kd8 25. Qd5 Qc6 26. Qb3 Nc7 27. e5 1/2-1/2

[Event "Sparkassen-Open B"]
[Site "Heusenstamm, Martinsee"]
[Date "2023.11.24"]
[Round "2.47"]
[White "Hellmann, Alexander"]
[Black "Filis, Fotios"]
[Result "1/2-1/2"]
[WhiteElo "1199"]
[BlackElo "1072"]
[PlyCount "28"]
[EventDate "2023.??.??"]
[WhiteTeam "SJ Herborn 1998"]
[BlackTeam "SV 1920 Hofheim"]

1. e4 d5 2. exd5 Nf6 3. d4 Bg4 4. Nf3 Qxd5 5. Be2 Nc6 6. c3 O-O-O 7. O-O e6 8. Bf4 Bd6 9. Bg3 Bxg3 10. fxg3 Ne4 11. Nbd2 e5 12. Bc4 Qd7 13. Nxe4 exd4 14. Qd3 Bxf3 1/2-1/2

[Event "Sparkassen-Open B"]
[Site "Heusenstamm, Martinsee"]
[Date "2023.11.24"]
[Round "2.48"]
[White "Junkers, Günter"]
[Black "Schmidt, Moritz"]
[Result "0-1"]
[WhiteElo "1192"]
[BlackElo "1453"]
[PlyCount "82"]
[EventDate "2023.??.??"]
[WhiteTeam "SSG Rödermark/Eppertshausen"]
[BlackTeam "SV 1920 Plettenbe"]

1. e4 c6 2. Nc3 d5 3. exd5 cxd5 4. Bb5+ Nc6 5. Bxc6+ bxc6 6. d4 Nf6 7. Nf3 Ba6 8. Na4 e6 9. Nc5 Bxc5 10. dxc5 Qa5+ 11. c3 Qxc5 12. Be3 Qb5 13. Rb1 O-O 14. Nd4 Qb7 15. f3 e5 16. Ne2 e4 17. Bc5 exf3 18. gxf3 Rfe8 19. Qb3 Rxe2+ 20. Kd1 Qxb3+ 21. axb3 Bd3 22. Ra1 Rxb2 23. Rxa7 Rxa7 24. Bxa7 Rb1+ 25. Kd2 Rxh1 26. Kxd3 Rxh2 27. f4 Rh3+ 28. Be3 Ng4 29. Kd4 Rxe3 30. c4 Rxb3 31. cxd5 cxd5 32. Kxd5 h5 33. f5 h4 34. Ke4 h3 35. Kf4 h2 36. Kxg4 h1=Q 37. Kf4 Qf3+ 38. Ke5 Rb5+ 39. Kd6 Qd5+ 40. Kc7 Rb7+ 41. Kc8 Qd7# 0-1

[Event "Sparkassen-Open B"]
[Site "Heusenstamm, Martinsee"]
[Date "2023.11.24"]
[Round "2.51"]
[White "Culha, Merve"]
[Black "Koch, Mika Jonas"]
[Result "1-0"]
[WhiteElo "837"]
[BlackElo "1412"]
[PlyCount "82"]
[EventDate "2023.??.??"]
[WhiteTeam "SC Heusenstamm"]
[BlackTeam "SK Marburg 1931/72"]

1. e4 e5 2. Nf3 Nc6 3. d4 exd4 4. Nxd4 Bc5 5. Be3 Nxd4 6. Bxd4 Bxd4 7. Qxd4 Qf6 8. e5 Qb6 9. Qc3 Ne7 10. Bc4 O-O 11. Nd2 Re8 12. f4 d5 13. Bb3 d4 14. Qg3 Nf5 15. Qd3 Ne3 16. Nc4 Qb4+ 17. Kf2 Nxc4 18. Qxc4 Qxc4 19. Bxc4 c5 20. Rhe1 Rb8 21. a4 Bf5 22. Re2 a6 23. a5 Re7 24. Kf3 h5 25. h3 Kf8 26. g4 Bg6 27. f5 Bh7 28. e6 fxe6 29. fxe6 hxg4+ 30. hxg4 Rc8 31. Kg3 g6 32. Rf1+ Kg7 33. g5 Bg8 34. Bd5 Rd8 35. Bc4 Rd6 36. Rf6 b5 37. axb6 Rxb6 38. b3 a5 39. Kf2 Re8 40. Ke1 Bh7 41. Rf7+ Kh8 1-0

[Event "Sparkassen-Open B"]
[Site "Heusenstamm, Martinsee"]
[Date "2023.11.25"]
[Round "4.1"]
[White "Steinbrenner, Peter"]
[Black "Burow, Roger"]
[Result "1/2-1/2"]
[WhiteElo "1718"]
[BlackElo "1570"]
[PlyCount "54"]
[EventDate "2023.??.??"]
[WhiteTeam "SG Kaiserslautern 1905"]
[BlackTeam "SV 1920 Kelsterbach"]

1. e4 d6 2. d4 e5 3. dxe5 Nc6 4. Bb5 a6 5. Bxc6+ bxc6 6. Nf3 Bg4 7. O-O dxe5 8. Qxd8+ Rxd8 9. Nxe5 Bd7 10. Nc3 Bd6 11. Nxd7 Rxd7 12. Be3 Nf6 13. Rfe1 O-O 14. f3 Rfd8 15. Rad1 h6 16. g3 Bb4 17. Rxd7 Rxd7 18. Rd1 Bxc3 19. Rxd7 Nxd7 20. bxc3 Ne5 21. Kf2 f6 22. Bf4 Kf7 23. Bxe5 fxe5 24. f4 Ke6 25. fxe5 Kxe5 26. Ke3 g5 27. g4 c5 1/2-1/2

[Event "Sparkassen-Open B"]
[Site "Heusenstamm, Martinsee"]
[Date "2023.11.25"]
[Round "4.2"]
[White "Haftmann, Rainer"]
[Black "Barsov, Mikhail"]
[Result "1-0"]
[WhiteElo "1698"]
[BlackElo "1405"]
[PlyCount "161"]
[EventDate "2023.??.??"]
[WhiteTeam "SAbt SG 1945 Dietzenbach"]
[BlackTeam "SK Gräfelfing"]

1. e4 c5 2. Nf3 e6 3. d4 cxd4 4. Nxd4 Nf6 5. Nc3 Nc6 6. Nxc6 bxc6 7. Bc4 d5 8. exd5 cxd5 9. Bb5+ Bd7 10. Bxd7+ Qxd7 11. O-O Be7 12. Re1 O-O 13. Bg5 h6 14. Bxf6 Bxf6 15. Qf3 Bxc3 16. Qxc3 Rfc8 17. Qd3 Qc7 18. c3 Rab8 19. Qd2 Qb7 20. b3 Qc7 21. Rac1 Qa5 22. Red1 d4 23. c4 Qxd2 24. Rxd2 e5 25. f4 f6 26. fxe5 fxe5 27. Re1 Re8 28. Re4 Kf7 29. g4 Kf6 30. h4 h5 31. Rf2+ Ke6 32. Rf5 hxg4 33. Rexe5+ Kd6 34. Rd5+ Kc6 35. Rxd4 Re1+ 36. Rf1 Re2 37. Rf2 Re1+ 38. Kg2 g3 39. Kxg3 Rg1+ 40. Kh2 Ra1 41. Rg4 Rb7 42. h5 a5 43. Rfg2 Kc5 44. Rxg7 Rxg7 45. Rxg7 Rxa2+ 46. Kh3 Ra1 47. Rg5+ Kd6 48. Rb5 a4 49. Rd5+ Ke6 50. bxa4 Rxa4 51. Rd4 Kf6 52. Kg4 Kg7 53. Kg5 Ra5+ 54. Rd5 Ra4 55. Rd7+ Kg8 56. Rc7 Ra5+ 57. c5 Ra1 58. h6 Rg1+ 59. Kf6 Rf1+ 60. Ke6 Re1+ 61. Kd6 Rd1+ 62. Kc6 Rh1 63. h7+ Kh8 64. Rd7 Rc1 65. Kb6 Rb1+ 66. Kc7 Rc1 67. c6 Rc2 68. Kb7 Rb2+ 69. Kc7 Rc2 70. Rd8+ Kxh7 71. Rd7+ Kg8 72. Kb7 Rb2+ 73. Kc8 Rc2 74. c7 Kf8 75. Kd8 Rxc7 76. Kxc7 Ke8 77. Kd6 Kf8 78. Ke6 Ke8 79. Rd3 Kf8 80. Rg3 Ke8 81. Rg8# 1-0

[Event "Sparkassen-Open B"]
[Site "Heusenstamm, Martinsee"]
[Date "2023.11.25"]
[Round "4.3"]
[White "Ghaznavi, Massoud"]
[Black "Köberl, Christiane"]
[Result "0-1"]
[WhiteElo "1563"]
[BlackElo "1496"]
[PlyCount "78"]
[EventDate "2023.??.??"]
[WhiteTeam "SV Oberursel"]
[BlackTeam "SK Klingenberg"]

1. d4 d6 2. e4 g6 3. c4 Bg7 4. Be3 c5 5. Nc3 Qb6 6. Nd5 Qc6 7. Rb1 e6 8. Nc3 Nf6 9. d5 exd5 10. exd5 Qd7 11. Bd3 O-O 12. h3 Re8 13. Nge2 Qe7 14. Qd2 Nbd7 15. O-O Ne5 16. f4 Nxd3 17. Qxd3 Bf5 18. Qd2 Bxb1 19. Bxc5 Bxa2 20. Bxd6 Qxd6 21. Nxa2 Qc5+ 22. Qd4 Qxd4+ 23. Nxd4 Nxd5 24. Nb5 a6 25. Nd6 Ne3 26. Nxe8 Rxe8 27. Re1 Bxb2 28. Re2 Bd4 29. Kh1 Kf8 30. Nb4 Nxc4 31. Rxe8+ Kxe8 32. Nc2 Bc5 33. Ne1 a5 34. Nd3 Bd6 35. g3 a4 36. Nc1 b5 37. Na2 b4 38. Kg2 b3 39. Nc3 a3 0-1

[Event "Sparkassen-Open B"]
[Site "Heusenstamm, Martinsee"]
[Date "2023.11.25"]
[Round "4.4"]
[White "Hensel, Roman"]
[Black "Steinke, Hans-Jörg"]
[Result "1-0"]
[WhiteElo "1474"]
[BlackElo "1701"]
[PlyCount "79"]
[EventDate "2023.??.??"]
[WhiteTeam "SV Oberursel"]
[BlackTeam "SV Erkenschwick 1923 e"]

1. e4 e6 2. d4 d5 3. Nd2 dxe4 4. Nxe4 Nd7 5. Nf3 Ngf6 6. Nxf6+ Nxf6 7. g3 c5 8. Bg2 cxd4 9. Qxd4 Qxd4 10. Nxd4 a6 11. Nb3 Bd6 12. O-O O-O 13. Rd1 Bc7 14. Nc5 Rb8 15. a4 b6 16. Ne4 Bb7 17. Nxf6+ gxf6 18. Bxb7 Rxb7 19. Bh6 Rd8 20. Rxd8+ Bxd8 21. Rd1 Be7 22. Rd4 f5 23. Rc4 Rb8 24. Rc7 Bc5 25. a5 Bf8 26. Bxf8 Kxf8 27. axb6 Rxb6 28. b3 a5 29. Kf1 Rb5 30. Ke2 Rd5 31. f4 Rd4 32. Ke3 Re4+ 33. Kd3 a4 34. Rc4 axb3 35. cxb3 Re1 36. Rc2 Rb1 37. Kc4 Ke7 38. b4 Kd6 39. Kb5 Ra1 40. Kb6 1-0

[Event "Sparkassen-Open B"]
[Site "Heusenstamm, Martinsee"]
[Date "2023.11.25"]
[Round "4.5"]
[White "Henzelmann, Matthias"]
[Black "Michalski, Uwe"]
[Result "0-1"]
[WhiteElo "1469"]
[BlackElo "1677"]
[PlyCount "78"]
[EventDate "2023.??.??"]
[WhiteTeam "SC Heuchelheim"]
[BlackTeam "Sfr.Mainz 1928"]

1. d4 Nf6 2. c4 d6 3. Nc3 g6 4. e4 Bg7 5. g3 c6 6. Bg2 O-O 7. Nf3 Na6 8. O-O Bd7 9. Re1 c5 10. d5 Nh5 11. Bd2 Nb4 12. a3 Nd3 13. Re3 Nxb2 14. Qb3 Qb6 15. Qxb6 axb6 16. Rb1 Nxc4 17. Ree1 Nxd2 18. Nxd2 Bxc3 19. Red1 Ba4 20. Nb3 c4 21. Rdc1 Bxb3 22. Rxc3 Rxa3 23. Bf1 b5 24. Be2 Nf6 25. f3 Rfa8 26. Rcc1 Ra2 27. Kf1 Rd2 28. Rc3 Raa2 29. Re3 Nd7 30. h4 Nc5 31. Ke1 b4 32. Bd1 Nd3+ 33. Rxd3 Rxd3 34. Bxb3 Rxb3 35. Rc1 Rbb2 36. Kd1 Rh2 37. Rc2 Raxc2 38. f4 Ra2 39. Kc1 Rh1# 0-1

[Event "Sparkassen-Open B"]
[Site "Heusenstamm, Martinsee"]
[Date "2023.11.25"]
[Round "4.6"]
[White "Himmelspacht, Maxim"]
[Black "Fuchs, Andreas"]
[Result "1/2-1/2"]
[WhiteElo "1574"]
[BlackElo "1609"]
[PlyCount "34"]
[EventDate "2023.??.??"]
[WhiteTeam "SK 1858 Gießen"]
[BlackTeam "SC Ober-Ramstadt"]

1. e4 e6 2. d4 d5 3. e5 c5 4. c3 Qb6 5. Nf3 Nc6 6. a3 c4 7. Nbd2 f6 8. exf6 Nxf6 9. g3 Bd6 10. Bg2 O-O 11. O-O e5 12. dxe5 Bxe5 13. Nxe5 Nxe5 14. b4 Bg4 15. Qa4 Rae8 16. Re1 Ne4 17. Nxe4 dxe4 1/2-1/2

[Event "Sparkassen-Open B"]
[Site "Heusenstamm, Martinsee"]
[Date "2023.11.25"]
[Round "4.7"]
[White "Welther, Patrick"]
[Black "Lasschuit, Rene"]
[Result "1-0"]
[WhiteElo "1420"]
[BlackElo "1614"]
[PlyCount "109"]
[EventDate "2023.??.??"]
[WhiteTeam "SC 1934 Gelnhausen"]
[BlackTeam "SV Berolina Mitte e.V."]

1. Nf3 c5 2. c4 Nc6 3. g3 g6 4. Bg2 Bg7 5. Nc3 d6 6. O-O e5 7. d3 Nge7 8. Bd2 O-O 9. Qc1 a6 10. Bh6 Rb8 11. Bxg7 Kxg7 12. h4 b5 13. b3 Qc7 14. h5 b4 15. Nd5 Nxd5 16. cxd5 Nd4 17. Nxd4 exd4 18. h6+ Kg8 19. e3 dxe3 20. fxe3 Qe7 21. e4 Qe5 22. Qf4 Qxf4 23. gxf4 Bg4 24. Bf3 Bxf3 25. Rxf3 f6 26. Kf2 Rfe8 27. Rc1 Rbc8 28. Re3 Kf7 29. Rg1 a5 30. Reg3 a4 31. Ra1 Ra8 32. Rgg1 Re7 33. Kf3 axb3 34. axb3 Rea7 35. Rxa7+ Rxa7 36. Ke3 Ra3 37. Rb1 g5 38. f5 Ra2 39. d4 cxd4+ 40. Kxd4 Rd2+ 41. Kc4 Re2 42. Kd3 Rh2 43. Kc4 Rxh6 44. Kxb4 Rh4 45. Kb5 Rxe4 46. Kc6 Ke7 47. Rh1 Rh4 48. Re1+ Kd8 49. Kxd6 g4 50. Ra1 Kc8 51. Kc6 Kb8 52. d6 g3 53. Rg1 Rg4 54. d7 Rg8 55. Rxg3 1-0

[Event "Sparkassen-Open B"]
[Site "Heusenstamm, Martinsee"]
[Date "2023.11.25"]
[Round "4.9"]
[White "Ziegler, Christopher"]
[Black "Klein, Raphael"]
[Result "1-0"]
[WhiteElo "1524"]
[BlackElo "1458"]
[PlyCount "95"]
[EventDate "2023.??.??"]
[WhiteTeam "SV 1920 Kelsterbach"]
[BlackTeam "SV 1926 Riegelsberg"]

1. e4 c5 2. Nc3 d6 3. d4 cxd4 4. Qxd4 Nc6 5. Qd2 Nf6 6. b3 g6 7. Bb2 Bg7 8. O-O-O Bd7 9. f4 a6 10. Nf3 b5 11. Bd3 Rc8 12. Nd5 O-O 13. h3 Nxd5 14. Bxg7 Kxg7 15. exd5 Na5 16. f5 Nb7 17. Kb1 Nc5 18. fxg6 hxg6 19. h4 Nxd3 20. cxd3 Rh8 21. h5 Qf8 22. Rdf1 Bf5 23. Nh4 Bxd3+ 24. Qxd3 Rxh5 25. Nxg6 fxg6 26. Rxh5 Qxf1+ 27. Qxf1 gxh5 28. Qf5 Rh8 29. Qd7 Kf7 30. Qe6+ Kf8 31. Qc8+ Kg7 32. Qxa6 Rf8 33. Qxb5 Rf2 34. Qe8 Rf7 35. a4 Rf1+ 36. Kb2 Rf2+ 37. Ka3 Rxg2 38. Qxe7+ Kh6 39. Qxd6+ Kg5 40. Qe7+ Kg4 41. Qg7+ Kh4 42. Qe7+ Kh3 43. d6 Kh2 44. d7 h4 45. Qxh4+ Kg1 46. d8=Q Rf2 47. Qd1+ Kg2 48. Qdh1# 1-0

[Event "Sparkassen-Open B"]
[Site "Heusenstamm, Martinsee"]
[Date "2023.11.25"]
[Round "4.10"]
[White "Mönch, Dorothée"]
[Black "Leichum, Engelbert"]
[Result "1-0"]
[WhiteElo "1736"]
[BlackElo "1527"]
[PlyCount "73"]
[EventDate "2023.??.??"]
[WhiteTeam "Sfr.Mainz 1928"]
[BlackTeam "Frankfurt/Main"]

1. Nf3 d6 2. e4 e5 3. Bc4 Be6 4. Qe2 Nc6 5. Bxe6 fxe6 6. c3 Nf6 7. d4 h6 8. O-O Qe7 9. dxe5 dxe5 10. Rd1 Qf7 11. b4 Bd6 12. Bb2 O-O 13. Nbd2 Qh5 14. Nf1 Ne7 15. Ng3 Qf7 16. a3 Ng6 17. c4 b6 18. Qc2 c5 19. Rxd6 cxb4 20. axb4 Nf4 21. Nxe5 Qc7 22. Rad1 a5 23. b5 g5 24. Rc6 Qh7 25. f3 h5 26. Ne2 Ra7 27. Nxf4 gxf4 28. Rxe6 h4 29. Ba3 Rff7 30. Rd8+ Kg7 31. Nxf7 Rxf7 32. Bb2 Qg6 33. Rdd6 h3 34. Rxf6 Qxg2+ 35. Qxg2+ hxg2 36. Rxf7+ Kxf7 37. Rxb6 1-0

[Event "Sparkassen-Open B"]
[Site "Heusenstamm, Martinsee"]
[Date "2023.11.25"]
[Round "4.11"]
[White "Reinhold, Günther"]
[Black "Fang, Borui"]
[Result "0-1"]
[WhiteElo "1665"]
[BlackElo "1515"]
[PlyCount "120"]
[EventDate "2023.??.??"]
[WhiteTeam "Sabt Frankfurter TV 1860"]
[BlackTeam "SV Oberursel"]

1. e4 e5 2. Nf3 Nc6 3. Bc4 Nf6 4. d3 Bc5 5. c3 O-O 6. O-O Bb6 7. a4 a6 8. Re1 d6 9. Nbd2 Re8 10. Nf1 Be6 11. Bb3 Bxb3 12. Qxb3 h6 13. Ng3 Rb8 14. Be3 Bxe3 15. fxe3 Ne7 16. Nh4 d5 17. Rad1 c6 18. Nhf5 Nxf5 19. exf5 e4 20. dxe4 Nxe4 21. c4 Nxg3 22. hxg3 dxc4 23. Qxc4 Qf6 24. Qc2 Rbd8 25. Rxd8 Rxd8 26. Qf2 Rd3 27. g4 Qd6 28. Qf4 Qxf4 29. exf4 Kf8 30. Kf2 Rd2+ 31. Re2 Rd4 32. b3 Rxf4+ 33. Kg3 Rd4 34. Kf3 Rd3+ 35. Re3 Rxe3+ 36. Kxe3 Ke7 37. Kd4 Kd6 38. b4 b6 39. g3 f6 40. Ke4 c5 41. b5 a5 42. Ke3 Ke5 43. Kd3 h5 44. gxh5 Kxf5 45. Kc4 Ke4 46. g4 Kf4 47. Kd5 Kxg4 48. Kc6 c4 49. Kxb6 c3 50. Kxa5 c2 51. b6 c1=Q 52. Ka6 f5 53. a5 f4 54. b7 Qc6+ 55. Ka7 Qc7 56. a6 f3 57. h6 gxh6 58. Ka8 f2 59. b8=Q Qxb8+ 60. Kxb8 f1=Q 0-1

[Event "Sparkassen-Open B"]
[Site "Heusenstamm, Martinsee"]
[Date "2023.11.25"]
[Round "4.12"]
[White "Ahrens, Gunnar"]
[Black "Liu, Jonas"]
[Result "1-0"]
[WhiteElo "1661"]
[BlackElo "1492"]
[PlyCount "61"]
[EventDate "2023.??.??"]
[WhiteTeam "Delmenhorster SK V 1931"]
[BlackTeam "SV Oberursel"]

1. f4 e5 2. fxe5 d6 3. Nf3 dxe5 4. e4 Nc6 5. c3 Nf6 6. d4 exd4 7. cxd4 Nxe4 8. d5 Bb4+ 9. Nc3 Nxc3 10. bxc3 Bxc3+ 11. Bd2 Bxa1 12. Qxa1 Qxd5 13. Qxg7 Qe4+ 14. Be2 Rf8 15. Bh6 Qb4+ 16. Kf2 Be6 17. Rb1 Qc5+ 18. Be3 Qa3 19. Rxb7 O-O-O 20. Rb5 Qxa2 21. Qc3 Bd5 22. Rc5 Rd6 23. Bf4 Re6 24. Nd4 Rf6 25. g3 Nxd4 26. Rxc7+ Kd8 27. Rc8+ Kd7 28. Qc7+ Ke6 29. Qe5+ Kd7 30. Rc7+ Kd8 31. Qe7# 1-0

[Event "Sparkassen-Open B"]
[Site "Heusenstamm, Martinsee"]
[Date "2023.11.25"]
[Round "4.13"]
[White "Hübner, Kai"]
[Black "Carvelli, Nicolas"]
[Result "0-1"]
[WhiteElo "1608"]
[BlackElo "1462"]
[PlyCount "100"]
[EventDate "2023.??.??"]
[WhiteTeam "SC Flörsheim 1921"]
[BlackTeam "SF Seligenstadt 05"]

1. d4 d5 2. Bf4 c6 3. e3 Bf5 4. Nd2 e6 5. Ngf3 Bd6 6. Ne5 Nf6 7. Bd3 Bxd3 8. cxd3 O-O 9. O-O a5 10. Bg3 Qc7 11. f4 Nbd7 12. Ndf3 Ne8 13. Ng5 h6 14. Ngf3 f5 15. Ng6 Rf6 16. Nfe5 Bxe5 17. Ne7+ Kh7 18. fxe5 Rf7 19. Nxf5 Rxf5 20. Rxf5 exf5 21. e6 Qc8 22. exd7 Qxd7 23. Be5 Nd6 24. Qf3 Nf7 25. Bf4 Re8 26. h4 g6 27. Re1 Nd6 28. h5 Re6 29. hxg6+ Rxg6 30. Kf2 Nf7 31. Rh1 Ng5 32. Qh5 Qg7 33. Qh2 Ne6 34. Be5 Qg8 35. Qh3 Qf7 36. Qh5 Ng7 37. Qf3 Ne6 38. Rh5 Rg5 39. Rh4 Rg6 40. g4 Ng7 41. Bxg7 Kxg7 42. gxf5 Rf6 43. Qg3+ Kh7 44. e4 dxe4 45. dxe4 Qxa2 46. Qc3 Rf8 47. Qd2 Rf6 48. Rf4 Qb1 49. Rg4 a4 50. Rg1 Qxe4 0-1

[Event "Sparkassen-Open B"]
[Site "Heusenstamm, Martinsee"]
[Date "2023.11.25"]
[Round "4.14"]
[White "de la Chevallerie, Gilbert"]
[Black "Fettig, Konrad"]
[Result "1-0"]
[WhiteElo "1552"]
[BlackElo "1496"]
[PlyCount "46"]
[EventDate "2023.??.??"]
[WhiteTeam "SV 1920 Hofheim"]
[BlackTeam "SC ML Kastellaun"]

1. c4 e5 2. g3 Nf6 3. Bg2 c6 4. Nc3 d5 5. cxd5 cxd5 6. Qb3 Nc6 7. Nxd5 Nxd5 8. Bxd5 Qc7 9. Nf3 Nb4 10. O-O Bh3 11. Rd1 f6 12. Be6 Nc2 13. Rb1 Bxe6 14. Qxe6+ Be7 15. d3 Rd8 16. a3 Rd6 17. Qa2 e4 18. Ne1 Nxe1 19. Rxe1 exd3 20. Bf4 d2 21. Red1 Kd7 22. Bxd6 Qxd6 23. b4 Rc8 1-0

[Event "Sparkassen-Open B"]
[Site "Heusenstamm, Martinsee"]
[Date "2023.11.25"]
[Round "4.15"]
[White "Fettig, Michel"]
[Black "Hofmann, André"]
[Result "1/2-1/2"]
[WhiteElo "1469"]
[BlackElo "1380"]
[PlyCount "112"]
[EventDate "2023.??.??"]
[WhiteTeam "SC ML Kastellaun"]
[BlackTeam "Düsseldorfer SV 1854"]

1. c4 f5 2. g3 Nf6 3. Bg2 g6 4. d4 Bg7 5. Nc3 O-O 6. e3 d6 7. Nge2 e5 8. dxe5 dxe5 9. Qxd8 Rxd8 10. e4 c6 11. Be3 Na6 12. a3 Be6 13. b3 Rd7 14. O-O Ng4 15. Rfd1 Nxe3 16. Rxd7 Bxd7 17. fxe3 Bh6 18. Kf2 Be6 19. exf5 Bxf5 20. b4 Rf8 21. Bf3 Bg4 22. Ng1 Bg7 23. Rd1 b5 24. c5 Nb8 25. h3 Bf5 26. e4 Bc8 27. g4 g5 28. Nge2 h5 29. Rg1 h4 30. Rd1 Bf6 31. Rd2 Rd8 32. Rxd8+ Bxd8 33. Nd1 Kf7 34. Ne3 Kg6 35. Nf5 Bd7 36. Nc3 a6 37. Bd1 Be6 38. a4 Bc4 39. Nd6 Be6 40. a5 Nd7 41. Bc2 Nf8 42. Ke3 Bd7 43. Bb3 Ne6 44. Bxe6 Bxe6 45. Nd1 Bd7 46. Kf2 Bc7 47. Nf5 Bd8 48. Nb2 Kf6 49. Nd3 Bc7 50. Ke3 Be6 51. Nd6 Bd7 52. Kd2 Ke6 53. Nf5 Kf6 54. Nb2 Be6 55. Ke3 Bb3 56. Nd3 Bc4 1/2-1/2

[Event "Sparkassen-Open B"]
[Site "Heusenstamm, Martinsee"]
[Date "2023.11.25"]
[Round "4.16"]
[White "Gräßer, Malte"]
[Black "Karres, David Tobias"]
[Result "1/2-1/2"]
[WhiteElo "1462"]
[BlackElo "1450"]
[PlyCount "47"]
[EventDate "2023.??.??"]
[WhiteTeam "Sfr.Heidesheim"]
[BlackTeam "SF Heidelberg"]

1. e4 e5 2. Nf3 Nc6 3. Bc4 Bc5 4. c3 Nf6 5. d3 h6 6. Nbd2 d6 7. O-O a6 8. Bb3 O-O 9. Re1 Bg4 10. h3 Bh5 11. Nf1 Qd7 12. Ng3 Bg6 13. Nh4 Kh7 14. Be3 Bxe3 15. Rxe3 d5 16. Nxg6 fxg6 17. a3 Rad8 18. exd5 Nxd5 19. Bxd5 Qxd5 20. Qe2 Rf6 21. Ne4 Rf5 22. Nd2 b5 23. Rd1 Na5 24. f3 1/2-1/2